000
00265nam a22001097a 4500
082
_a
534.24 TSE'T
100
_a
TSEDERBERG, N. V
_9
75351
245
_a
THERMAL CONDUCTIVITY OF GASES AND LIQUID
260
_a
MASSACHUSETTES
_b
MIT
_c
1965
300
_a
246P
942
_c
BK
999
_c
580783
_d
580783